1123 1088 1619 1264 1155 1218 1073 1032 1951 1849 1337 1430 1910 1496 1502 1426 1043 1949 1147 1987 1645 1447 1046 1336 1449 1681 1373 1248 1318 1029 1911 1445 1970 1616 1605 1421 1808 1969 1348 1851 1490 1585 1642 1146 1578 1781 1631 1442 1619 1718 1660 1475 1006 1321 1749 1151 1703 1102 1569 1306 1424 1635 1313 1655 1134 1156 1511 1262 1074 1872 1756 1063 1760 1804 1415 1476 1196 1895 1187 1441 1923 1117 1228 1951 1965 1127 1846 1177 1357 1934 1090 1612 1520 1796 1055 1030 1835 1411 1529 BCNSPRNW ULIB Ver.6.0+V

เปลี่ยนเป็นภาษาไทย

Change to English
 แสดงรายละเอียดบรรณานุกรม
  กลับหน้าหลัก

Brief Record : Get Marc (ISO 2709) : E-mail record : QR code < ปิดหน้าต่าง
LEADER : 00000nam 2200000uu 4500
001    13399111687
003     ULIB
008    110705s2002||||th 000 0 eng d
020    0781735955 (pbk.)
060 04 WQ100^bJ65 2002
245 04 The Johns Hopkins manual of gynecology and obstetrics/^cDepartment of Gynecology and Obstetrics, John Hopkins University School of Medicine ; Brandon J. Bankowski ... [et al.], editors
246 30 Manual of gynecology and obstetrics
250    2nd ed.
260    Philadelphia :^bLippincott Williams & Wilkins,^cc2002
300    xiii, 610 p. :^bill. ;^c22 cm.
500    Includes index
504    Bibliography: p. 556
650  2 Obstetrics^vHandbooks
650  2 Genital Diseases, Female^vHandbooks
650  2 Women s Health^vHandbooks
700 1  Bankowski, Brandon J.,^eed.
710 2  Johns Hopkins University.^bDepartment of Gynecology andObstetrics
945    ^p655^l0^i015265
995    Chalermkwan Tussirisakul ; Phensri Chaiyapong
999 ^a ใช้งานได้ทุกระบบ
รายการนี้ยังไม่มีแท็ก
คุณยังไม่ได้ล็อกอิน คุณสามารถมีกิจกรรมร่วมกับเว็บไซต์ได้ แต่ต้องล็อกอินก่อน ::
  ล็อกอิน

รายการสื่อสารสนเทศ

ลำดับที่ ประเภท เลขเรียก/บาร์โค้ด สถานที่ สถานะ
- ไม่พบข้อมูล -

BibComment


ยังไม่เคยถูกคอมเมนท์

คอมเมนท์ทรัพยากรรายการนี้
  คอมเมนท์: The Johns Hopkins..


 Copyright 2026. Bcnsprnw @Library